000 00750nam a2200241 i 4500
001 62220
003 ES-MaACL
005 20250815170400.0
007 t|
008 031119s1965 sp ||||1| cat d
100 1 _aFederici, Tommaso.
_949065
245 1 0 _aIsrael vivent /
_cTommaso Federici ; [traductor, Lluis López del Castillo].
250 _a[1ª ed.].
260 _aBarcelona :
_bEstela,
_c1965.
300 _a362 p. ;
_c20 cm.
490 1 _aConcili Vatica II ;
_v13
650 7 _aJudaísmo
_2embne
_913966
700 1 _aLópez del Castillo, Lluís,
_d1938-
_973603
830 0 _aConcili Vatica II ;
_v13
_9182107
852 _aES-MaACL
_jC-27678
_bR.56268
852 _aES-MaACL
_jC-26871
_bR.56006
999 _c62220
_d62220